Online Catalogue and eLibrary

Streevadee darshana konayen samaja niyayan vigraha kirimak (Record no. 1785)

MARC details
000 -LEADER
fixed length control field 00441nam a2200145Ia 4500
005 - DATE AND TIME OF LATEST TRANSACTION
control field 20250626013713.0
008 - FIXED-LENGTH DATA ELEMENTS--GENERAL INFORMATION
fixed length control field 240331s9999 xx 000 0 und d
082 ## - DDC Classification
Item Number - Author Mark THI
Class No. 305
100 ## - MAIN ENTRY--PERSONAL NAME
Personal name Thiruchadran, S
245 #0 - TITLE STATEMENT
Title Streevadee darshana konayen samaja niyayan vigraha kirimak
260 ## - PUBLICATION, DISTRIBUTION, ETC.
Place of publication, distribution, etc. Colombo
Name of publisher, distributor, etc. Women's Education & Research Centre
Date of publication, distribution, etc. 1995
300 ## - PHYSICAL DESCRIPTION
Extent (e.g. Volumes, Pages etc.) 58 p .,
500 ## - GENERAL NOTE
General note The Dilemma of Theories - A Feminist perspective
942 ## - Koha item type (Biblio)
Koha item type Books in Stacks (Lending)
Holdings
Lost status Damaged status Collection code Home library Current library Shelving location Date acquired Full call number Accession Number Item type
    Lending WERC Library WERC Library Social Science Cupboard 03/31/2024 305.401 THI 5365 Books in Stacks (Lending)

© WERC Library